|
|
|
|
| LEADER |
00837nab#a2200325#ar4500 |
| 001 |
000003513 |
| 003 |
SVKKK |
| 005 |
20030704102829.0 |
| 008 |
030704c1995 e sloo |
| FMT |
|
|
|
| 038 |
|
|
|a SVKKK
|
| 040 |
|
|
|a SVKKK
|b slo
|e AACR2
|
| 041 |
0 |
|
|a slo
|
| 080 |
|
|
|a 069.0
|2 1981
|
| 080 |
|
|
|a 73
|2 1981
|
| 100 |
1 |
|
|a Zozuláková, K.
|4 aut
|
| 245 |
1 |
0 |
|a Za peniazmi do múzea :
|b Numizmatická expozícia opäť sprístupnená
|c Zozuláková K.,
|
| 260 |
|
|
|c 1995
|
| 650 |
0 |
4 |
|a Východoslovenské múzeum, Košice
|
| 650 |
0 |
4 |
|a expozícia numizmatická
|
| 650 |
0 |
4 |
|a informácie
|
| 650 |
0 |
4 |
|a numizmatika
|
| 650 |
0 |
4 |
|a reinštalácia
|
| 773 |
0 |
|
|t Košický večer
|g Roč. 6, č. 140(1995), dát. 0721, s. 8
|
| 957 |
|
|
|a Košice
|
| 974 |
|
|
|a Cr
|
| 992 |
|
|
|a RBX
|
| BAS |
|
|
|
| 852 |
|
|
|a SVKKK
|b BIB
|
| 998 |
|
|
|a REG
|